| 000 | 00683nam a2200217Ia 4500 | ||
|---|---|---|---|
| 003 | IN-BaIIA | ||
| 008 | 211028s9999 xx 000 0 eng d | ||
| 040 | _cIIA Library | ||
| 080 |
_a538.1(082.1) _bELE-2 |
||
| 245 | 0 |
_aElectromagnetic theory and antennas _bpt. 2 _cedited by E. C. Jordan |
|
| 260 |
_aOxford _bPergamon Press _c1963 |
||
| 300 | _a661-1330p. | ||
| 490 | _aInternational series of monographs on electromagnetic waves | ||
| 650 |
_aAntennas _92176 |
||
| 650 |
_aElectromagnetic fields _92908 |
||
| 650 |
_aElectromagnetic propagation _94857 |
||
| 650 |
_aElectromagnetic waves _92401 |
||
| 650 | _aNASA Thesaurus | ||
| 700 |
_aJordan, E. C., ed. _94858 |
||
| 942 | _cBK | ||
| 999 |
_c2710 _d2710 |
||